00889nam a2200205 i 450000100060000000300090000600500170001500700030003200800410003524501570007626000360023330000200026950000920028970000490038170000390043070000410046985200330051099900170054395201230056049992ES-MaACL20240422105725.0t|030728m19651966sp ||||1| spa d00aCrestomatía del español medieval / cpor Ramón Menéndez Pidal ... [et al.] ; acabada y revisada por Rafael Lapesa y María Soledad de Andrés. aMadrid : b[Gredos], c1965-66. a2 v. ; c24 cm. aSeminario de Menéndez Pidal. Universidad de Madrid. Facultad de Filosofía y Letras.1 aMenéndez Pidal, Ramón,d1869-19689803150 aLapesa, Rafael, d1908-20019701461 aAndrés, María Soledad de.921579 aES-MaACLjE-4548-9 bR.56904 c49992d49992 00104070aATENEOMbATENEOMcDEPO2d2008-01-17eSCl0oE-4548-9p1052592r2023-02-23 00:00:00w2023-02-23yMONOGRAFIA